El cibercrimen: Fenomenología y criminología de la delincuencia (Registro nro. 7405)
[ vista simple ]
| 000 -Cabecera | |
|---|---|
| Campo de control de longitud fija | 00936nam a22003617a 4500 |
| 005 - Fecha y hora de la última transacción | |
| Campo de control | 20260224175036.0 |
| 008 - Elementos de longitud fija--Información general | |
| Campo de control de longitud fija | 160118b2012 xxu||||| |||| 00| | spa d |
| 020 ## - International Standard Book Number | |
| Número Internacional Estándar del Libro (ISBN) | 9788415664185 |
| 041 ## - Idioma | |
| Código de idioma | Español |
| 082 ## - Clasificación Decimal Dewey | |
| Número de clasificación | 364 M676c |
| 100 ## - Entrada principal--Autor personal | |
| Nombre personal | Miró Llinares, Fernando |
| 9 (RLIN) | 1349 |
| 245 ## - Título propiamente dicho | |
| Título | El cibercrimen: Fenomenología y criminología de la delincuencia |
| 260 ## - Pie de imprenta | |
| Lugar de publicación, distribución, etc. | España |
| 260 ## - Pie de imprenta | |
| Nombre del editor, distribuidor, etc. | Marcial Pons |
| 260 ## - Pie de imprenta | |
| Fecha de publicación, distribución, etc. | 2012 |
| 300 ## - Descripción física | |
| Extensión | 332 páginas |
| 490 ## - Serie | |
| Título de la Serie | Investigación Criminal |
| 650 ## - Materia general | |
| Temática (materia general) | CRIMINOLOGIA |
| 650 ## - Materia general | |
| Temática (materia general) | CIBERCRIMEN |
| 650 ## - Materia general | |
| Temática (materia general) | CIBERCRIMINALIDAD |
| 650 ## - Materia general | |
| Temática (materia general) | CIBERFRAUDES |
| 650 ## - Materia general | |
| Temática (materia general) | BLANQUEO DE CAPITALES |
| 650 ## - Materia general | |
| Temática (materia general) | CIBERBULLYNG |
| 650 ## - Materia general | |
| Temática (materia general) | ACOSO SEXUAL |
| 650 ## - Materia general | |
| Temática (materia general) | PORNOGRAFIA INFANTIL |
| 650 ## - Materia general | |
| Temática (materia general) | CIBERTERRORISMO |
| 650 ## - Materia general | |
| Temática (materia general) | HACKERS |
| 650 ## - Materia general | |
| Temática (materia general) | BULLYNG |
| 650 ## - Materia general | |
| Temática (materia general) | REDES SOCIALES |
| 650 ## - Materia general | |
| Temática (materia general) | CONDUCTA DE LA VICTIMA |
| 650 ## - Materia general | |
| Temática (materia general) | PIRATERIA |
| 942 ## - Punto de acceso adicional KOHA | |
| Tipo de ítem KOHA | Libro |
| Fuente del sistema de clasificación o colocación | Dewey Decimal Classification |
| Signatura completa | Código de barras | Programa Académico | Tipo de ítem |
|---|---|---|---|
| 364 M676c | 19785 | Investigación Criminal | Libro |